LEADER 02216oas 2200781 a 450 001 9910144466103321 005 20260218110051.0 024 8 $aeb55558686 035 $a(DE-599)ZDB2234683-1 035 $a(OCoLC)72519579 035 $a(CONSER) 2007220399 035 $a(CKB)1000000000222751 035 $a(DE-599)2234683-1 035 $a(EXLCZ)991000000000222751 100 $a20061011a20069999 sy 101 0 $aeng 135 $aurcn||||||||| 181 $ctxt$2rdacontent 182 $cc$2rdamedia 183 $acr$2rdacarrier 200 00$aCommunications in biometry and crop science 210 $aWarsaw $cFaculty of Agriculture and Biology, Warsaw Agricultural University$d[2006]- 300 $aRefereed/Peer-reviewed 300 $aTitle from volume contents page (viewed Nov. 16. 2007). 311 08$a1896-0782 517 1 $aCBCS 517 1 $aInternational journal of the Faculty of Agriculture and Biology, Warsaw Agricultural University, Poland 606 $aBiometry$vPeriodicals 606 $aCrop science$vPeriodicals 606 $aBiome?trie$vPe?riodiques 606 $aPhytotechnie$vPe?riodiques 606 $aCrop Science$2ebps 606 $aBiostatistics$2ebps 606 $aBiometry$2fast$3(OCoLC)fst00832611 606 $aCrop science$2fast$3(OCoLC)fst00883934 608 $aPeriodicals.$2fast 615 0$aBiometry 615 0$aCrop science 615 6$aBiome?trie 615 6$aPhytotechnie 615 7$aCrop Science. 615 7$aBiostatistics. 615 7$aBiometry. 615 7$aCrop science. 712 02$aSzko?a G?o?wna Gospodarstwa Wiejskiego w Warszawie.$bFaculty of Agriculture and Biology. 801 0$bHNK 801 1$bHNK 801 2$bAGL 801 2$bOCLCQ 801 2$bDEBBG 801 2$bGWDNB 801 2$bOCLCQ 801 2$bGBVCP 801 2$bOCLCQ 801 2$bOCLCF 801 2$bOCLCQ 801 2$bWT2 801 2$bOCLCQ 801 2$bAU@ 801 2$bVT2 801 2$bOCLCQ 801 2$bSXB 801 2$bUEJ 801 2$bOCLCQ 906 $aJOURNAL 912 $a9910144466103321 996 $aCommunications in biometry and crop science$92091577 997 $aUNINA